000 00212 a2200109 4500
020 _a9780765277138
041 _aspa
100 _aGaneri;Anita
245 _aUn aò¨ en la antantida
942 _cBK
952 _71
999 _c19461
_d19461